000 00464nam a2200145 i 4500
001 41337
003 ES-MaACL
005 20230906160420.0
007 t|
008 030310s1927 mx ||||1| spa d
245 0 3 _aLa Casa del Estudiante Indígena
_b: 16 meses de labor en un experimento psicológico colectivo con índios.
260 _aMéxico :
_b[s.n.,
_c1927] (
_fTalleres Gráficos de la Nación)
300 _a164 p. ;
_c34 cm.
852 _aES-MaACL
_jB-12010
999 _c41337
_d41337